มุมมองปกติ
มุมมองแบบ MARC
- ดรีมวีเวอร์ (โปรแกรมคอมพิวเตอร์)
รายการ Topical Term
001 - CONTROL NUMBER
- control field: 53114
003 - CONTROL NUMBER IDENTIFIER
- control field: NALT
005 - DATE AND TIME OF LATEST TRANSACTION
- control field: 20250821090442.0
008 - FIXED-LENGTH DATA ELEMENTS
- fixed length control field: 210603|| aca||babn | a|a d
040 ## - CATALOGING SOURCE
- Original cataloging agency: NALT
150 ## - HEADING--TOPICAL TERM
- Topical term or geographic name entry element: ดรีมวีเวอร์ (โปรแกรมคอมพิวเตอร์)
